00355pab a2200133 454500008004000000100001700040245006700057260000900124300001100133362000800144650003900152650001400191773001600205180718b1998 xxu||||| |||| 00| 0 eng d aVithal, C.P. aNew panchayati raj dispensation in Madhya Pradesh: an analysis c1998 ap.5-10 aApr aPanchayat - India - Madhya Pradesh aPanchayat aKurukshetra